| 000 | 00377nam a2200145 i 4500 | ||
|---|---|---|---|
| 001 | bg | ||
| 100 | 1 | _aBLOTKO, Kazimierz | |
| 245 | 0 |
_aRacjonalny podział przewozów ładunków między gałęzie transportu / _cKazimierz Blotko. |
|
| 260 |
_aWarszawa, _c1978. |
||
| 040 | _cBPK | ||
| 041 | _apol | ||
| 080 | _a656 | ||
| 942 | _cKS | ||
| 008 | s pl f |000 0 pol | ||
| 999 |
_c18046 _d18046 |
||
| 856 |
_uhttp://koha.tu.koszalin.pl/cgi-bin/koha/opac-detail.pl?biblionumber=18046 _yKatalog online BPK |
||